Phương pháp và kỹ thuật trong nghiên cứu xã hội học

Nội dung tài liệu giới thiệu các giai đoạn nghiên cứu xã hội, giai đoạn thu thập dữ kiện, kỹ thuật phỏng vấn, quan sát, nghiên cứu tư liệu, thử nghiệm. Giai đoạn xử lý tư liệu thu thập trình bày một bài báo cáo nghiên cứu....

Celý popis

Uloženo v:
Podrobná bibliografie
Médium: Kniha
Jazyk:Undetermined
Vydáno: Thành phố Hồ Chí Minh Nhà xuất bản Thành phố Hồ Chí Minh 1995
Témata:
Tagy: Přidat tag
Žádné tagy, Buďte první, kdo otaguje tento záznam!
Thư viện lưu trữ: Trung tâm Học liệu Trường Đại học Cần Thơ
LEADER 00953nam a2200181Ia 4500
001 CTU_159552
008 210402s9999 xx 000 0 und d
082 |a 301.07 
082 |b Ph561 
245 0 |a Phương pháp và kỹ thuật trong nghiên cứu xã hội học 
245 0 |c Nguyễn Xuân nghĩa ( biên soạn ) 
260 |a Thành phố Hồ Chí Minh 
260 |b Nhà xuất bản Thành phố Hồ Chí Minh 
260 |c 1995 
520 |a Nội dung tài liệu giới thiệu các giai đoạn nghiên cứu xã hội, giai đoạn thu thập dữ kiện, kỹ thuật phỏng vấn, quan sát, nghiên cứu tư liệu, thử nghiệm. Giai đoạn xử lý tư liệu thu thập trình bày một bài báo cáo nghiên cứu. 
650 |a Sociology - methodology 
904 |i QHieu 
980 |a Trung tâm Học liệu Trường Đại học Cần Thơ